| 000 | 01747cam a2200445 a 4500 | ||
|---|---|---|---|
| 001 | 21351 | ||
| 003 | VRT | ||
| 005 | 20260227151001.0 | ||
| 008 | 250313s1978 xo 000 j slo | ||
| 015 | _aSNBA1979 | ||
| 035 | _aSNK000057360 | ||
| 035 | _aurn:nbn:sk:snk-amju64 | ||
| 035 | _aurn:nbn:sk:snk-am0080w6 | ||
| 035 | _a8547625D-EEDC-4941-BFF2-58FDF27D081C | ||
| 039 | 9 |
_a202503131229 _bVLOAD _c202402261455 _dVLOAD _c202205110840 _dVLOAD _c201808141215 _dVLOAD |
|
| 040 |
_aSNK _bslo _cSNK _eAACR2 |
||
| 041 | 0 | _aslo | |
| 044 |
_axo _cSK |
||
| 080 |
_a885.4-3(087.5) _21981 |
||
| 100 | 1 |
_aFerko, Andrej, _d1955- _4aut |
|
| 245 | 1 | 0 |
_aKazko Vlasko _b(podľa skutočných udalostí v slovenskom mestečku v istom storočí s použitím záznamov tamojšieho kronikára a podľa rozprávania priamych potomkov a očitých svedkov a účastníkov oných udalostí) _cAndrej Ferko ; [ilustroval Ján Lebiš ; grafická úprava Ondrej Máriássy] |
| 250 | _a1. vyd. | ||
| 260 |
_aBratislava _bMladé letá _c1978 |
||
| 300 |
_a75 s. _c26 cm |
||
| 366 | _e5000 výt. | ||
| 500 | _aIlustr. na tit. liste a front. | ||
| 655 | 7 |
_aslovenské rozprávky _2SNKPH |
|
| 655 | 7 |
_aautorské rozprávky _2SNKPH |
|
| 655 | 7 |
_apublikácie pre deti a mládež _2SNKPH |
|
| 700 | 1 |
_aMáriássy, Ondrej _4ill |
|
| 700 | 1 |
_aLebiš, Ján, _d1931-1996 _4ill |
|
| 942 |
_2ddc _cKLDE _n0 |
||
| 949 |
_64710704008 _astrmkM _bstrmk2008/4008 |
||
| 949 |
_63869A08651 _abpksh885.4(02.053.2)-31 _bbpksh48301 |
||
| 949 |
_64710703987 _astrmkM _bstrmk2008/3987 |
||
| 949 |
_617A0971309 _asnkSB 27618 _bsnkKSP 1019/79 _s6100:20140925 |
||
| 949 |
_asnkSB 27618 D1 _bsnkKSP 1020/79 |
||
| 999 |
_c21351 _d21351 |
||